Human rights and social development / (Record no. 103643)

MARC details
000 -LEADER
fixed length control field 00694nam a22002057a 4500
005 - DATE AND TIME OF LATEST TRANSACTION
control field 20160926144009.0
010 ## - LCCN (DPL NO)
LC control number ENG-116099
020 ## - INTERNATIONAL STANDARD BOOK NUMBER
International Standard Book Number 9789383575602
Terms of availability 950.00
035 ## - SYSTEM CONTROL NUMBER
System control number EN-99631
037 ## - SOURCE OF ACQUISITION
Source of stock number/acquisition DBAD/PUB
082 ## - DEWEY DECIMAL CLASSIFICATION NUMBER
Classification number 323
245 ## - TITLE STATEMENT
Title Human rights and social development /
Statement of responsibility, etc edited by Suman Kalyan Chaudhury [and] Sukanta Sarkar
260 ## - PUBLICATION, DISTRIBUTION, ETC. (IMPRINT)
Place of publication, distribution, etc New Delhi
Name of publisher, distributor, etc SSDN Publishers & Distributors
Date of publication, distribution, etc 2015
270 ## - ADDRESS
Address 5A, Sahani Mansion Ansari Road, Daryaganj
City New Delhi
Postal code 110002
300 ## - PHYSICAL DESCRIPTION
Extent xiii,194p. :
Other physical details ill
Dimensions 21cm(Hb)
500 ## - GENERAL NOTE
General note Includes bibliographical references
700 ## - ADDED ENTRY--PERSONAL NAME
Personal name Chaudhury, Suman Kalyan
700 ## - ADDED ENTRY--PERSONAL NAME
Personal name Sarkar, Sukanta
942 ## - ADDED ENTRY ELEMENTS (KOHA)
Source of classification or shelving scheme Dewey Decimal Classification
Item type English Books
Classification part 323
Call number suffix HUM
Holdings
Withdrawn status Lost status Not for loan Collection code Home library Current library Date acquired Source of acquisition Cost, normal purchase price Full call number Barcode Copy number Cost, replacement price Koha item type
    Not For Loan Non-fiction D.B.Act.Division Bawana 26/09/2016 DBAD/PUB 950.00 323 HUM EN-99631 1 950.00 English Books

© Delhi Public Library
Hit Counter
free hit counter